| 000 | 00912cab a2200313 4500 | ||
|---|---|---|---|
| 001 | ABS58695 | ||
| 008 | 090401t1998 xxu||||| |||| 00| 0 eng d | ||
| 035 | _a(Sirsi) u86680 | ||
| 041 | _aeng | ||
| 245 | _aRegional survey: Shropshire & Staffordshire | ||
| 260 | _c1998 | ||
| 350 | _a0 | ||
| 490 |
_aProperty Week _v63(7) 29 May 1998, 66-75(6) |
||
| 650 | _aAGRICULTURAL MARKET | ||
| 650 | _aGROWTH | ||
| 650 | _aINDUSTRIAL MARKET | ||
| 650 | _aPROPERTY-COMMERCIAL PROPERTY-OFFICE PROPERTY-OFFICE PROPERTY MARKET | ||
| 650 | _aPLANNING POLICY | ||
| 650 | _aPROPERTY-COMMERCIAL PROPERTY-RETAIL PROPERTY-RETAIL PROPERTY MARKET | ||
| 650 | _aSHREWSBURY | ||
| 650 | _aSHROPSHIRE | ||
| 650 | _aSTAFFORDSHIRE | ||
| 650 | _aSTOKE-ON-TRENT | ||
| 650 | _aTAMWORTH | ||
| 650 | _aTELFORD | ||
| 690 | _aPROPERTY-COMMERCIAL PROPERTY-COMMERCIAL PROPERTY MARKET | ||
| 942 | _n0 | ||
| 948 | _c08/06/1998 | ||
| 999 |
_c54581 _d54581 |
||